Noms de personnages de Films Français - 1 - Statistiques

Statistiques générales
  • Ce quiz a été pris 172 fois
  • Le résultat moyen est 7 sur 17
Statistiques - réponses
Personnage(s) Film % Correct
Zézette Le père Noël est une ordure
78%
Otis Astérix & Obélix - Mission Cléopâtre
71%
Odile Deray La Cité de la peur
69%
Karaba Kirikou et la Sorcière
64%
Ludovic Cruchot Le Gendarme de Saint-Tropez
62%
Didier Latour /Bernard Latour /Pascal Latour Les Trois Frères
61%
Boulard Les Profs
60%
Adèle / Emma La Vie d'Adèle
56%
Pierre RRRrrrr !!!
47%
Leeloo Le Cinquième Élément
43%
Antoine Bailleul Bienvenue chez les Ch'tis
34%
Nino Quincampoix Le Fabuleux Destin d'Amélie Poulain
31%
Daniel Morales Taxi
27%
Robert Lafondue Fatal
25%
Fernand Naudin Les Tontons flingueurs
9%
L'Oxien La Soupe aux choux
8%
Ferdinand Griffon Pierrot le Fou
1%
Aucun quiz correspondant
Distribution des résultats
% des personnes avec chaque résultat
Percentile par nombre de réponses
Votre historique - résultats
Vous n’avez pas pris ce quiz